Bones Characters (Clickable) Quiz Stats

 Plays Quiz not verified by Sporcle

Challenge
Share
Tweet
Embed
Score 0/21 Timer 03:00
0 Plays Today
% Correct
Dr Temperance 'Bones' Brennan
95.3%
Special Agent Seeley Booth
93.4%
Dr Jack Hodgins
92.7%
Dr Camille Saroyen
90.8%
Angela Montenegro
90.6%
Arastoo Vaziri
88%
Dr Lance Sweets
86.9%
Caroline Julian
76.9%
Dr Zack Addy
76.7%
Daisy Wick
71.3%
Dr Gordon Wyatt
65%
% Correct
Max Keenan
57.9%
Dr Clark Edison
52%
Parker Booth
50.8%
Wendell Bray
47.6%
Jared Booth
45.8%
Dr Daniel Goodman
45.1%
Finn Abernathy
44.4%
Vincent Nigel-Murray
42%
Colin Fisher
40.6%
Russ Brennan
34.9%

You're not logged in!

Compare scores with friends on all Sporcle quizzes.
Join for Free
OR
Log In

You Might Also Like...

Show Comments

Extras

Top Quizzes Today


Score Distribution

Your Account Isn't Verified!

In order to create a playlist on Sporcle, you need to verify the email address you used during registration. Go to your Sporcle Settings to finish the process.

Report this User

Report this user for behavior that violates our Community Guidelines.

Details: